Consoles Nintendo - Statistiques

Statistiques générales
  • Ce quiz a été pris 64 fois
  • Le résultat moyen est 14 sur 28
Statistiques - réponses
date console % Correct
2017 Nintendo switch
88%
2025 Nintendo switch 2
88%
2006 Wii
84%
1989 Gameboy
82%
2012 Wii U
82%
2004 Nintendo DS
78%
2011 Nintendo 3DS
76%
1992 NES
75%
1998 Gameboy color
73%
2001 Gamecube
73%
2001 Gameboy advance
69%
1996 Nintendo 64
69%
2013 Nintendo 2DS
59%
2019 Nintendo switch lite
55%
2021 Nintendo switch oled
49%
1992 Super nintendo
47%
2012 Nintendo 3DS XL
41%
2008 Nintendo DSi
39%
1983 Famicom
37%
2018 Nintendo 2DS XL
31%
1995 Virtual boy
29%
2003 Gameboy advance SP
27%
2010 Nintendo DS XL
27%
1990 Super Famicom
20%
1977 Color TV game
12%
2009 Nintendo DSi XL
10%
2012 Wii lite
4%
1978 Color TV game racing 112
2%
Aucun quiz correspondant
Distribution des résultats
% des personnes avec chaque résultat
Percentile par nombre de réponses
Votre historique - résultats
Vous n’avez pas pris ce quiz